| 000 | 00519nam a22001937a 4500 | ||
|---|---|---|---|
| 005 | 20180425155939.0 | ||
| 010 | _aENG-122665 | ||
| 020 |
_a9789386702029 _c299.00 |
||
| 035 | _aEN-106197 | ||
| 037 | _bDBAD/PUB | ||
| 082 | _aN | ||
| 100 | _aSada, Daniel | ||
| 245 |
_aOne out of two / _cby Daniel Sada |
||
| 260 |
_aNew Delhi _bSpeaking Tiger Publications _c2015 |
||
| 270 |
_a4381/4, Ansari Road, Daryaganj, _bNew Delhi _e110002 |
||
| 300 |
_a100p. _c22cm(pbk) |
||
| 650 | _aFiction | ||
| 942 |
_2ddc _cEN _mSAD _hN |
||
| 999 |
_c151756 _d151756 |
||